Teaching Negotiation through Writing: Building Persuasive, Soft and Analytical Skills

Skúmanie, akú dôležitú úlohu zohrávajú v písanom prejave výučba vyjednávania, zdôrazňovanie spôsobov, akými sa rozvíja presvedčivé a analytické písanie a ako môže zlepšiť celkový výkon. Ponúknutie aj praktických metód pre začlenenie cvičení písania do tréningu vyjednávania, demonštrovanie toho, ako...

Descrizione completa

Salvato in:
Dettagli Bibliografici
Autore principale: Krajčík Danišová, Sonia, 1981-
Natura: Capitolo di libro
Lingua:inglese
Soggetti:
Tags: Aggiungi Tag
Nessun Tag, puoi essere il primo ad aggiungerne!!

MARC

LEADER 00000naa$a2200000$$$4500
001 0305806
005 20250102131027.2
041 0 |a eng 
044 |a CZ 
245 1 0 |a Teaching Negotiation through Writing: Building Persuasive, Soft and Analytical Skills  |c Sonia Krajčík Danišová 
520 |a Skúmanie, akú dôležitú úlohu zohrávajú v písanom prejave výučba vyjednávania, zdôrazňovanie spôsobov, akými sa rozvíja presvedčivé a analytické písanie a ako môže zlepšiť celkový výkon. Ponúknutie aj praktických metód pre začlenenie cvičení písania do tréningu vyjednávania, demonštrovanie toho, ako tieto činnosti zlepšujú kritické myslenie a komunikačné schopnosti, čo vedie k efektívnejšiemu vyjednávaniu. 
610 2 0 |a vyjednávanie 
610 2 0 |a rokovania obchodné 
610 2 0 |a zručnosti 
610 2 0 |a zručnosti mäkké 
610 2 0 |a zručnosti sociálne 
610 2 0 |a písmo 
610 2 0 |a písomníctvo 
610 2 0 |a persuázia 
100 1 |a Krajčík Danišová, Sonia, 1981-